00720nam a2200181 a 450000100100000000500170001000800410002702000150006804000250008310000330010824501250014126000670026630000250033349000210035850000730037971000650045283000210051700004194720201002035839.0131023s2004 sp 000 0 spa d a8400073770 aDO-SdBNPbspacBNPHU1 aOrtíz Picón, Juan Manuel14aUna Vida y su entorno (1903-1978) :bmemorias de un médico con vocación de biólogo /cJosé Manuel Ortíz Picon. aGranada :bConsejo Superior de Investigaciones Científicas,. a403 :bil. ;c21 cm.1 aMonografíasv4 aIncluye referencias bibliográficas y notas al pie de las páginas2 aConsejo Superior de Investigaciones Científicas (España) 0aMonografíasv4